000 01839nam0a2200421 4500
001 RU\NLR\bibl\1881584
005 20250616193936.0
010 _a978-5-85099-187-6
_92500
021 _aRU
_b2012-13395
_91008
035 _a(nilc)RSL-KNO-005401965
035 _a(NLR Aleph) 001871349
090 _a2665703
_c2665703
100 _a20120305d2011 |||y0rusy50 ca
101 1 _arus
_ceng
102 _aRU
105 _aa |||||||||
200 1 _aСознание и квантовая механика
_eжизнь в параллельных мирах
_e(чудеса сознания - из квантовой реальности)
_fМ. Б. Менский
_g[пер. с англ. Ваксмана В. М.]
210 _aФрязино
_cВек 2
_d2011
215 _a319 с.
_cил.
_d22
300 _aЗагл. и авт. ориг.: Consciousness and quantum mechanics / Michael B. Mensky
320 _aБиблиогр.: с. 299-304 и в подстроч. примеч.
454 0 _12001#$aConsciousness and quantum mechanics$fMichael B. Mensky
_1700#1$aMensky$bM. B.$gMichael B$4070
_tConsciousness and quantum mechanics
_aMensky, Michael B
606 1 _aКвантовая механика
_9893795
_3RU\NLR\auth\663496
606 1 _aСознание
_xИзмененные состояния
_xПсихологические исследования
_92457112
_3RU\NLR\auth\661460391
610 0 _aпараллельные миры
686 _aВ314,0
_2rubbk
686 _aЮ252:В318,0
_2rubbk
686 _aВ314
686 _aЮ932.2,6
686 _aЮ96
700 1 _aМенский
_bМ. Б.
_gМихаил Борисович
_4070
801 0 _aRU
_bRuMoRKP
_c20120305
_grcr
801 1 _aRU
_bРГБ
_c20120305
801 2 _aRU
_bNLR
_c20120319
_grcr
942 _cBOOK
980 _aNB
980 _aNBR